|
|
|
|
| LEADER |
02130nem a22004812a 4500 |
| 001 |
mzk03001058230 |
| 003 |
CZ BrMZK |
| 005 |
20110805091715.0 |
| 007 |
aj|ca||| |
| 008 |
071218q16801715ne ij|||||a|||r|0|||latod |
| 034 |
1 |
|
|a a
|b 530000
|d E0111500
|e E0143000
|f N0513600
|g N0500100
|
| 040 |
|
|
|a BOA001
|b cze
|
| 041 |
0 |
|
|a lat
|a dut
|
| 043 |
|
|
|a e-gx---
|
| 072 |
|
7 |
|a 912:904
|x Staré mapy
|2 Konspekt
|9 7
|
| 080 |
|
|
|a (084.3)
|2 MRF
|
| 080 |
|
|
|a (430.246)
|2 MRF
|
| 080 |
|
|
|a 912.43:069.5
|2 MRF
|
| 100 |
1 |
|
|a Örnehufvud, Olof Hansson,
|d 1600-1644
|7 mzk2008469170
|4 aut
|
| 245 |
1 |
0 |
|a Marchionatus Misniae una cum Voitlandia
|h [kartografický dokument] /
|c Authore Olao Ioannis Gotho S.R.M. Sueciae Geographo ; To Iames Fraser Esqr. this Map is húmbly dedicated
|
| 255 |
|
|
|a Měřítko [ca 1:530 000]. 5,5 cm = Milliaria Germanica communia
|c (011°15´00" v.d.--014°30´00" v.d./051°36´00" s.š.--050°01´00" s.š.)
|
| 260 |
|
|
|a Prostat Amstel :
|b apud P. Schenk et G. Valk,
|c [mezi 1680 a 1715]
|
| 300 |
|
|
|a 1 mapa :
|b mědirytina, ručně kolorovaná ;
|c 40 x 49 cm na listu 55,5 x 64,5 cm
|
| 500 |
|
|
|a Výzdoba: V levém horním rohu kartuše s názvem, v pravém horním rohu pole s měřítkem, v pravém dolním rohu kartuše s dedikací, v mapovém rámci geografické souřadnice
|
| 510 |
3 |
|
|a IKAR
|
| 510 |
3 |
|
|a www(Ryhiner Map Collection)
|
| 510 |
4 |
|
|a Kuchař, K. Mapová sbírka B.P. Molla,
|c s. 399
|
| 546 |
|
|
|a Text latinsky a holandsky
|
| 655 |
|
7 |
|a historické mapy
|7 fd186723
|2 czenas
|
| 650 |
0 |
4 |
|a Mollova mapová sbírka
|
| 650 |
0 |
7 |
|a mapové sbírky
|z Česko
|7 ph182407
|2 czenas
|
| 610 |
2 |
7 |
|a Moravská zemská knihovna (Brno, Česko).
|b Mapová sbírka B.P. Molla
|7 mzk2005304487
|2 czenas
|
| 651 |
|
7 |
|a Sasko (Německo)
|7 ge128571
|2 czenas
|
| 856 |
4 |
1 |
|u http://mapy.mzk.cz/mzk03/001/058/230/2619317657
|y Digitalizovaný dokument
|
| 903 |
|
|
|a RP
|
| 910 |
|
|
|a BOA001
|b Moll-0004.717
|
| 978 |
|
|
|b Schenk, Peter I
|a Amsterdam
|c 1680-1715
|
| 978 |
|
|
|b Valck, Gerard
|a Amsterdam
|c 1680-1715
|
| 984 |
|
|
|a Amsterdam
|b Nizozemsko
|
| 985 |
|
|
|a 1651-1700
|
| 985 |
|
|
|a 1701-1750
|
| 990 |
|
|
|a MP
|
| 991 |
|
|
|k mzk
|